=LDR 00000nam 2200000 4500 =001 INLIS000000000036145 =005 20250506084421 =035 ##$$a 0010-061300000036145 =008 250506################c##########0#ind## =041 ##$$a Ind =082 ##$$a 028.5 =090 ##$$a 028.5, Cha i =100 ##$$a Chang, Su Iing =245 1#$$a Seri Tokoh Dunia 22 : $b Isodara Duncan /$c Chang Su Ling; Alih bahasa Klara Siauw =260 ##$$a Jakarta :$b Elex Media Kopumindo,$c 2008 =300 ##$$a 107 hlm. : $b ilus. ; $c 21 x 14 cm. =650 #4$$a Komik, Bacaan =700 #$$a Alih bahasa Klara Siauw =850 ##$$a NBPNMAT =020 ##$$a 979-637-480-3 =084 ##$$a 028.5 CHA i =250 ##$$a Cet. 18 =990 ##$$a 0001/BPAP-NTB/20142015 =990 ##$$a 0001/BPAP-NTB/2016 =990 ##$$a 0001/BPAP-NTB/2016 =990 ##$$a 0001/BPAP-NTB/2016 =990 ##$$a 0001/BPAP-NTB/2016 =990 ##$$a 0001/BPAP-NTB/2016 =990 ##$$a 0001/BPAP-NTB/2016 =990 ##$$a 0001/BPAP-NTB/2016 =990 ##$$a 0001/BPAP-NTB/2016 =990 ##$$a 0001/BPAP-NTB/2016 =990 ##$$a 0001/BPAP-NTB/20142015 =990 ##$$a 0001/BPAP-NTB/2016 =990 ##$$a 0001/BPAP-NTB/2016 =990 ##$$a 0001/BPAP-NTB/2016 =990 ##$$a 0001/BPAP-NTB/2016 =990 ##$$a 0001/BPAP-NTB/2016 =990 ##$$a 0001/BPAP-NTB/2016 =990 ##$$a 0001/BPAP-NTB/2016 =990 ##$$a 0001/BPAP-NTB/2016 =990 ##$$a 0001/BPAP-NTB/2016